000 00180nam a22000977a 4500
003 SGT
245 _aJournal of Endodontics
260 _aUSA
_c2004
300 _a828
942 _2ddc
_cBV
999 _c27310
_d27310